Statistics for Memphis Grizzlies All-Time Starting 5

Click here to take the quiz!

General Stats

  • This quiz has been taken 65 times
  • The average score is 4 of 7

Answer Stats

PositionPlayer% Correct
CMarc Gasol
98%
6th ManPau Gasol
98%
PGMike Conley
97%
PFZach Randolph
79%
SFShane Battier
30%
SGShareef Abdur-Rahim
28%
CoachLionel Hollins
13%

Score Distribution

Percentile by Number Answered

Percent of People with Each Score

Your Score History

You have not taken this quiz